000 00579nam a22002177a 4500
003 OSt
005 20210414095006.0
008 210223s1964 ||||| |||| 00| 0 eng d
020 _a0380007940
040 _aeng
_beng
_cDLC
041 _aeng
080 _a821.111
_bS-28
100 _9505
_aSayers, L. Dorothy
245 _aUnnatural Death
_c/ by: Avon Books
260 _aNew York
_bAvon Books
_c1964
300 _a240 p.
365 _b1.75 usd
650 0 _9254
_aEnglish literature
653 _aინგლისური ლიტერატურა
942 _2udc
_cBK
999 _c2181
_d2181